Актуальные проблемы предпринимательского права. Вып. 5 (Запись № 11374398)

Подробности
000 -МАРКЕР
контрольное поле 01735nam2a2200313 i 4500
001 - ИДЕНТИФИКАТОР ЗАПИСИ
контрольное поле RU\NLR\BIBL_A\011092233
005 - ИДЕНТИФИКАТОР ВЕРСИИ
контрольное поле 20241225193039.0
010 ## - МЕЖДУНАРОДНЫЙ СТАНДАРТНЫЙ НОМЕР КНИГИ (ISBN)
Номер (ISBN) 9785990433472
Тираж 1000
021 ## - НОМЕР ГОСУДАРСТВЕННОЙ РЕГИСТРАЦИИ
Код страны российская федерация
Номер 2016-19021
Номер Листа государственной регистраци 1222
035 ## - ДРУГИЕ СИСТЕМНЫЕ НОМЕРА
Идентификатор записи (NLR Aleph) 011092233
100 ## - ДАННЫЕ ОБЩЕЙ ОБРАБОТКИ
Данные общей обработки 20160331d2016 k y0rusy50 ca
101 0# - ЯЗЫК РЕСУРСА
Язык текста, звукозаписи и т.д. русский
-- английский
102 ## - СТРАНА ПУБЛИКАЦИИ ИЛИ ПРОИЗВОДСТВА
Страна публикации российская федерация
105 ## - ПОЛЕ КОДИРОВАННЫХ ДАННЫХ: ТЕКСТОВЫЕ МАТЕРИАЛЫ, МОНОГРАФИЧЕСКИЕ
Кодированные данные о монографическом текстовом документе y z 000yy
200 0# - ЗАГЛАВИЕ И СВЕДЕНИЯ ОБ ОТВЕТСТВЕННОСТИ
Основное заглавие Вып. 5
Первые сведения об ответственности под ред. к.ю.н. А. Е. Молотникова
210 ## - ПУБЛИКАЦИЯ, РАСПРОСТРАНЕНИЕ И ДР.
Место издания, распространения и т.д. Москва
Имя издателя, распространителя и т. д. Стартап
Дата издания, распространения и т.д. 2016
215 ## - ФИЗИЧЕСКАЯ ХАРАКТЕРИСТИКА
Специфическое обозначение материала и объем 175, [1] с.
300 ## - ОБЩИЕ ПРИМЕЧАНИЯ
Текст примечания Общ. загл. вып. 5: Право и экономика в современном мире (Актуальные проблемы предпринимательского права)
300 ## - ОБЩИЕ ПРИМЕЧАНИЯ
Текст примечания Часть текста на англ. яз.
320 ## - ПРИМЕЧАНИЯ О НАЛИЧИИ В ДОКУМЕНТЕ БИБЛИОГРАФИИ / УКАЗАТЕЛЯ
Текст примечания Библиогр. в подстроч. примеч.
333 ## - ПРИМЕЧАНИЯ ОБ ОСОБЕННОСТЯХ РАСПРОСТРАНЕНИЯ И ИСПОЛЬЗОВАНИЯ
Текст примечания 6+
461 #1 - УРОВЕНЬ НАБОРА
Встроенное поле 001RU\NLR\bibl\1773992
-- 2001#$aАктуальные проблемы предпринимательского права$vВып. 5
Идентификатор связанной записи RU\NLR\bibl\1773992
Системный номер (АБИС) связанной записи 1600673
Место публикации Москва
Дата публикации 2011 [т.е. 2010]
Первые сведения об ответственности Каф. предпринимат. права юрид. фак., МГУ им. М.В. Ломоносова
Имя издателя, распространителя и т.д. Волтерс Клувер
Сведения, относящиеся к заглавию [сборник статей]
Заглавие Актуальные проблемы предпринимательского права
Номер тома Вып. 5
517 1# - ДРУГИЕ ВАРИАНТЫ ЗАГЛАВИЯ
Вариант заглавия Право и экономика в современном мире (Актуальные проблемы предпринимательского права)
702 #1 - ИМЯ ЛИЦА - ВТОРИЧНАЯ ОТВЕТСТВЕННОСТЬ
Начальный элемент ввода Молотников
Часть имени, кроме начального элемента ввода А. Е.
Расширение инициалов личного имени Александр Евгеньевич
Код отношения Редактор
942 ## - ДОПОЛНИТЕЛЬНЫЕ ЭЛЕМЕНТЫ ЗАПИСИ (АБИС)
Тип экземпляра АБИС Книга
980 ## - КОЛЛЕКЦИЯ
Название коллекции НБР

Нет доступных экземпляров.